[Event "17. European Team Championship 2009"]
[Site "Novi Sad SRB"]
[Date "2009.10.30"]
[Round "9.53"]
[White "Fridman, Daniel"]
[Black "Lupulescu, Constantin"]
[Result "1/2-1/2"]
[PlyCount "244"]
[EventDate "2009.10.22"]
[EventType "team"]
[EventRounds "9"]
[EventCountry "SER"]
[Source "lmi"]
[SourceDate "2009.10.22"]
[WhiteElo "2661"]
[BlackElo "2599"]

1. d4 Nf6 2. c4 g6 3. Nc3 d5 4. Bf4 Bg7 5. e3 O-O 6. Nf3 c5 7. dxc5 Qa5 8. Rc1
dxc4 9. Bxc4 Qxc5 10. Bb3 Nc6 11. O-O Qa5 12. h3 Bf5 13. Qe2 Ne4 14. g4 Nxc3
15. bxc3 Bd7 16. Rfd1 Rad8 17. Rd5 Qa3 18. Rcd1 Be6 19. Rxd8 Nxd8 20. Qb5 b6
21. Be5 Bxb3 22. axb3 Ne6 23. Rd7 Rc8 24. Qb4 Qxb4 25. cxb4 Ng5 26. Nxg5 Bxe5
27. Rxa7 Bd6 28. Rb7 Rc6 29. Nf3 Bxb4 30. Ne5 Re6 31. Nd3 Bc3 32. Nf4 Rd6 33.
Rxe7 Rd1+ 34. Kg2 Rb1 35. Rb7 Rxb3 36. Nd5 b5 37. Nxc3 Rxc3 38. Rxb5 Kg7 39. h4
Rc4 40. Kg3 Rc3 41. h5 Ra3 42. Kf4 Ra2 43. f3 Ra3 44. e4 Rc3 45. Rb6 gxh5 46.
g5 Rc1 47. Kf5 Rf1 48. f4 Re1 49. e5 Rf1 50. Ra6 Re1 51. Ra2 Rf1 52. Ra6 Re1
53. Rh6 Rh1 54. Ke4 Rh4 55. Kf3 Rh3+ 56. Kg2 Rh4 57. Kg3 Rh1 58. Kf3 Rh3+ 59.
Ke4 Rh4 60. Rc6 Rh1 61. Ra6 Re1+ 62. Kf5 Rf1 63. Ra7 Re1 64. Rb7 Re2 65. Rb1
Rf2 66. Rh1 h6 67. Rxh5 hxg5 68. Rxg5+ Kf8 69. Rh5 Ra2 70. Rh8+ Kg7 71. Rd8 Ra5
72. Rb8 Rc5 73. Rb7 Ra5 74. Rb4 Ra6 75. Rd4 Rb6 76. Ra4 Kf8 77. Rd4 Ke7 78. Kg5
Rg6+ 79. Kf5 Ra6 80. Rb4 Kf8 81. Rb7 Ke8 82. Rc7 Kf8 83. Rd7 Kg7 84. Ke4 Ra4+
85. Rd4 Ra1 86. f5 Rf1 87. Rd3 Re1+ 88. Kd5 Kf8 89. Rb3 Rd1+ 90. Ke4 Re1+ 91.
Kf4 Rf1+ 92. Kg5 Kg7 93. f6+ Kh7 94. Rg3 Kg8 95. Rg4 Rf2 96. Rf4 Re2 97. Kf5
Re1 98. Rf2 Rg1 99. Rf4 Re1 100. Rf3 Rg1 101. Rf2 Re1 102. Rf4 Kf8 103. Ra4 Ke8
104. Rd4 Re2 105. Rd3 Re1 106. Rd2 Re3 107. Rd1 Re2 108. Kf4 Rf2+ 109. Ke3 Ra2
110. Rb1 Kd7 111. Rb6 Ke8 112. Ke4 Re2+ 113. Kd5 Rd2+ 114. Kc6 Rc2+ 115. Kd6
Rd2+ 116. Kc7 Rc2+ 117. Rc6 Rd2 118. Rc1 Re2 119. Rc4 Re1 120. Rc2 Rd1 121. Ra2
Rc1+ 122. Kd6 Rd1+ 1/2-1/2

[Event "17. European Team Championship 2009"]
[Site "Novi Sad SRB"]
[Date "2009.10.30"]
[Round "9.61"]
[White "Navara, David"]
[Black "Socko, Bartosz"]
[Result "1-0"]
[PlyCount "83"]
[EventDate "2009.10.22"]
[EventType "team"]
[EventRounds "9"]
[EventCountry "SER"]
[Source "lmi"]
[SourceDate "2009.10.22"]
[WhiteElo "2692"]
[BlackElo "2637"]

1. e4 e5 2. Nf3 Nc6 3. Bb5 a6 4. Ba4 Nf6 5. O-O Be7 6. Re1 d6 7. c3 Bg4 8. h3
Bh5 9. d3 Qd7 10. Bg5 b5 11. Bb3 h6 12. Bxf6 Bxf3 13. Qxf3 Bxf6 14. Nd2 O-O 15.
Nf1 Bg5 16. Bd5 Rab8 17. g3 Bd8 18. h4 Ne7 19. Bb3 c6 20. d4 Bb6 21. Rad1 Qa7
22. dxe5 dxe5 23. Ne3 Bxe3 24. Qxe3 Qxe3 25. Rxe3 Nc8 26. Rd7 Nb6 27. Rc7 Nc4
28. Rd3 Rbc8 29. Ra7 Ra8 30. Rxa8 Rxa8 31. Rd7 Rb8 32. Ra7 Rb6 33. a4 Kf8 34.
h5 f6 35. Kg2 Na5 36. Bd1 Nb7 37. axb5 axb5 38. Ra8+ Kf7 39. Rb8 b4 40. c4 Ke6
41. c5 Rb5 42. Be2 1-0

[Event "17. European Team Championship 2009"]
[Site "Novi Sad SRB"]
[Date "2009.10.30"]
[Round "9.63"]
[White "Hracek, Zbynek"]
[Black "Macieja, Bartlomiej"]
[Result "1/2-1/2"]
[PlyCount "46"]
[EventDate "2009.10.22"]
[EventType "team"]
[EventRounds "9"]
[EventCountry "SER"]
[Source "lmi"]
[SourceDate "2009.10.22"]
[WhiteElo "2606"]
[BlackElo "2618"]

1. d4 Nf6 2. c4 e6 3. Nf3 d5 4. Nc3 c5 5. cxd5 Nxd5 6. e4 Nxc3 7. bxc3 cxd4 8.
cxd4 Bb4+ 9. Bd2 Bxd2+ 10. Qxd2 O-O 11. Bc4 Nd7 12. O-O b6 13. Rad1 Bb7 14. Bd3
Rc8 15. Rfe1 Qf6 16. e5 Qe7 17. Ng5 h6 18. Ne4 Bxe4 19. Bxe4 Rfd8 20. f4 g6 21.
Kh1 Nf8 22. Rc1 Qa3 23. Rxc8 Rxc8 1/2-1/2

[Event "17. European Team Championship 2009"]
[Site "Novi Sad SRB"]
[Date "2009.10.30"]
[Round "9.72"]
[White "Fressinet, Laurent"]
[Black "Solak, Dragan"]
[Result "1-0"]
[PlyCount "106"]
[EventDate "2009.10.22"]
[EventType "team"]
[EventRounds "9"]
[EventCountry "SER"]
[Source "lmi"]
[SourceDate "2009.10.22"]
[WhiteElo "2658"]
[BlackElo "2583"]

1. d4 d5 2. c4 c6 3. Nc3 Nf6 4. e3 g6 5. Nf3 Bg7 6. Be2 O-O 7. O-O Qb6 8. Qa4
Bg4 9. h3 Bxf3 10. Bxf3 e6 11. b4 dxc4 12. b5 Nd5 13. bxc6 bxc6 14. Qxc4 Qa6
15. Qxa6 Nxa6 16. Bd2 Rab8 17. Rfc1 c5 18. Nxd5 exd5 19. Bxd5 cxd4 20. Rab1
Rxb1 21. Rxb1 Rc8 22. Kf1 Bh6 23. f4 Rc2 24. Ke1 dxe3 25. Bxe3 Rc7 26. Ke2 Bf8
27. Rb7 Rxb7 28. Bxb7 Nc5 29. Bc6 Bd6 30. Kd2 Kf8 31. Kc3 Ke7 32. Kc4 Ne6 33.
f5 Nd8 34. Be4 a6 35. Kd5 Bb4 36. Bc5+ Bxc5 37. Kxc5 a5 38. g4 gxf5 39. gxf5 f6
40. Bd5 a4 41. a3 Kd7 42. h4 Kc7 43. h5 h6 44. Bf3 Nf7 45. Kd5 Kd7 46. Bd1 Nd6
47. Bxa4+ Ke7 48. Bc2 Ne8 49. a4 Kd7 50. a5 Ng7 51. Bd1 Kc7 52. Bg4 Kb7 53. Kd6
Ka6 1-0

[Event "17. European Team Championship 2009"]
[Site "Novi Sad SRB"]
[Date "2009.10.30"]
[Round "9.74"]
[White "Feller, Sebastien"]
[Black "Vuckovic, Bojan"]
[Result "0-1"]
[PlyCount "44"]
[EventDate "2009.10.22"]
[EventType "team"]
[EventRounds "9"]
[EventCountry "SER"]
[Source "lmi"]
[SourceDate "2009.10.22"]
[WhiteElo "2570"]
[BlackElo "2600"]

1. d4 Nf6 2. c4 c5 3. d5 b5 4. Nd2 bxc4 5. e4 Bb7 6. Bxc4 g6 7. Ne2 Bg7 8. Nc3
d6 9. O-O O-O 10. Be2 Nbd7 11. Qc2 Rb8 12. Nc4 Ba6 13. Ne5 Nxe5 14. Bxa6 c4 15.
Qa4 Nfd7 16. Be3 Nd3 17. Qa3 Rxb2 18. Bxc4 Rc2 19. Nb5 Nxf2 20. Qa4 Ng4 21.
Bxa7 Rb2 22. Rab1 Nb6 0-1

[Event "17. European Team Championship 2009"]
[Site "Novi Sad SRB"]
[Date "2009.10.30"]
[Round "9.82"]
[White "Halkias, Stelios"]
[Black "Berkes, Ferenc"]
[Result "1/2-1/2"]
[PlyCount "21"]
[EventDate "2009.10.22"]
[EventType "team"]
[EventRounds "9"]
[EventCountry "SER"]
[Source "lmi"]
[SourceDate "2009.10.22"]
[WhiteElo "2570"]
[BlackElo "2663"]

1. Nf3 Nf6 2. c4 e6 3. d4 d5 4. Nc3 Be7 5. Bg5 h6 6. Bh4 O-O 7. e3 b6 8. Qc2
Bb7 9. Bxf6 Bxf6 10. cxd5 exd5 11. h4 1/2-1/2

[Event "17. European Team Championship 2009"]
[Site "Novi Sad SRB"]
[Date "2009.10.30"]
[Round "9.84"]
[White "Mastrovasilis, Athanasios"]
[Black "Ruck, Robert"]
[Result "1/2-1/2"]
[PlyCount "113"]
[EventDate "2009.10.22"]
[EventType "team"]
[EventRounds "9"]
[EventCountry "SER"]
[Source "lmi"]
[SourceDate "2009.10.22"]
[WhiteElo "2519"]
[BlackElo "2548"]

1. d4 Nf6 2. c4 g6 3. Nc3 d5 4. Bf4 Bg7 5. e3 O-O 6. Rc1 c6 7. h3 Be6 8. Qb3
Qc8 9. Nf3 Nbd7 10. Be2 dxc4 11. Bxc4 Bxc4 12. Qxc4 Nd5 13. Nxd5 cxd5 14. Qc7
Qxc7 15. Bxc7 Rfc8 16. Ke2 Nb8 17. Rc3 Nc6 18. Bh2 Na5 19. Rhc1 Rxc3 20. Rxc3
Nc6 21. Rb3 b6 22. Rc3 Rc8 23. Kd2 Kf8 24. b4 a6 25. a4 Ke8 26. b5 axb5 27.
axb5 Na7 28. Rxc8+ Nxc8 29. Kc3 Bf8 30. Kb3 e6 31. g4 Nd6 32. Bxd6 Bxd6 33. Kc3
Ke7 34. Kd3 f5 35. Ke2 Kf6 36. g5+ Kg7 37. h4 Kf7 38. Kd3 Kg7 39. Ke2 Kf7 40.
Ne1 Kg7 41. Nd3 h6 42. Nb2 hxg5 43. hxg5 Kf7 44. Na4 Bc7 45. f3 Bd8 46. Kd3 Ke7
47. Nb2 Kd7 48. f4 Bc7 49. Kc3 Ke7 50. Nd3 Bd6 51. Kb3 Kd8 52. Ne1 Ke7 53. Nf3
Kf7 54. Ka4 Ke7 55. Kb3 Ke8 56. Ne5 Bxe5 57. dxe5 1/2-1/2

[Event "17. European Team Championship 2009"]
[Site "Novi Sad SRB"]
[Date "2009.10.30"]
[Round "9.93"]
[White "Gagunashvili, Merab"]
[Black "Elsness, Frode"]
[Result "0-1"]
[WhiteElo "2564"]
[BlackElo "2458"]
[PlyCount "48"]
[EventDate "2009.10.22"]
[EventType "team"]
[EventRounds "9"]
[EventCountry "SER"]
[Source "lmi"]
[SourceDate "2009.10.22"]

1. d4 Nf6 2. c4 g6 3. Nf3 Bg7 4. g3 c6 5. Bg2 d5 6. Qb3 O-O 7. O-O Qb6 8. Nc3
Rd8 9. c5 Qxb3 10. axb3 Na6 11. Bf4 Nd7 12. Na4 Re8 13. Rfd1 e5 14. Nxe5 Nxe5
15. dxe5 Bxe5 16. Bxe5 Rxe5 17. e3 Bf5 18. Rd2 Nc7 19. b4 Rae8 20. Nc3 a6 21.
Bf1 Bg4 22. Bg2 h5 23. Na2 Nb5 24. Nc1 Kg7 0-1

[Event "17. European Team Championship 2009"]
[Site "Novi Sad SRB"]
[Date "2009.10.30"]
[Round "9.94"]
[White "Thomassen, Joachim"]
[Black "Sanikidze, Tornike"]
[Result "0-1"]
[WhiteElo "2332"]
[BlackElo "2600"]
[PlyCount "44"]
[EventDate "2009.10.22"]
[EventType "team"]
[EventRounds "9"]
[EventCountry "SER"]
[Source "lmi"]
[SourceDate "2009.10.22"]

1. d4 Nf6 2. c4 e6 3. Nf3 d5 4. Nc3 Bb4 5. Qa4+ Nc6 6. e3 O-O 7. Bd2 dxc4 8.
Bxc4 Bd6 9. h3 a6 10. a3 h6 11. O-O e5 12. Qc2 Re8 13. dxe5 Nxe5 14. Nxe5 Rxe5
15. e4 Rh5 16. Rfe1 Ng4 17. Be2 Qh4 18. Bxg4 Bxg4 19. e5 Bxh3 20. g3 Qg4 21.
exd6 Qf3 22. Qe4 Bg4 0-1

[Event "17. European Team Championship 2009"]
[Site "Novi Sad SRB"]
[Date "2009.10.30"]
[Round "9.103"]
[White "Conquest, Stuart C"]
[Black "Nedev, Trajko"]
[Result "1/2-1/2"]
[WhiteElo "2563"]
[BlackElo "2511"]
[PlyCount "94"]
[EventDate "2009.10.22"]
[EventType "team"]
[EventRounds "9"]
[EventCountry "SER"]
[Source "lmi"]
[SourceDate "2009.10.22"]

1. e4 c5 2. Nf3 Nc6 3. c3 Nf6 4. e5 Nd5 5. Bc4 e6 6. O-O Be7 7. d4 Nb6 8. Bb3
d5 9. exd6 Qxd6 10. Nbd2 cxd4 11. Ne4 Qc7 12. cxd4 Nd5 13. Be3 O-O 14. Rc1 Qb6
15. Qe2 Bd7 16. Nc3 Nxe3 17. fxe3 Rac8 18. Bc2 Qa5 19. Bb1 Qh5 20. Qf2 b6 21.
Rcd1 Rcd8 22. a3 Bc8 23. Be4 Bb7 24. Rc1 Bd6 25. h3 Rd7 26. Rfd1 Ne7 27. Bxb7
Rxb7 28. e4 Bf4 29. Rc2 Qh6 30. Kh1 Rd7 31. Ne2 Bb8 32. Nc3 Bf4 33. Qe2 Rfd8
34. Qb5 f5 35. Re2 fxe4 36. Nxe4 Nf5 37. Qc6 Rc7 38. Qa4 Qg6 39. Qb3 Rcd7 40.
Rf1 Kh8 41. Nh4 Nxh4 42. Rxf4 Nf5 43. Rg4 Nxd4 44. Rxg6 Nxb3 45. Rxe6 Nd4 46.
Nc5 Nxe6 47. Nxd7 Nf4 1/2-1/2

[Event "17. European Team Championship 2009"]
[Site "Novi Sad SRB"]
[Date "2009.10.30"]
[Round "9.122"]
[White "Stojanovic, Dalibor"]
[Black "Delchev, Aleksander"]
[Result "0-1"]
[WhiteElo "2469"]
[BlackElo "2635"]
[PlyCount "108"]
[EventDate "2009.10.22"]
[EventType "team"]
[EventRounds "9"]
[EventCountry "SER"]
[Source "lmi"]
[SourceDate "2009.10.22"]

1. e4 e5 2. Nf3 Nc6 3. Bb5 a6 4. Ba4 Nf6 5. d3 Bc5 6. O-O b5 7. Bb3 d6 8. a4
Rb8 9. axb5 axb5 10. h3 O-O 11. Nc3 h6 12. Ne2 Ne7 13. Ng3 Ng6 14. c3 Bb6 15.
Be3 c5 16. d4 Re8 17. dxc5 Bxc5 18. Bxc5 dxc5 19. Qxd8 Rxd8 20. Rfd1 Rxd1+ 21.
Bxd1 Be6 22. Be2 c4 23. Nd2 Nf4 24. Kf1 g6 25. f3 Nd7 26. Nh1 Nc5 27. Nf2 Na4
28. Ra2 Rd8 29. Nb1 Nd3 30. Bxd3 cxd3 31. b3 Bxb3 32. Rd2 Nc5 33. Ng4 Bc2 34.
Na3 Nb3 35. Ke1 Nxd2 36. Kxd2 Ra8 37. Nxb5 Ra2 38. c4 Bb1+ 39. Kc1 Rxg2 40.
Kxb1 Rg1+ 41. Kb2 d2 42. Nc3 d1=Q 43. Nxd1 Rxd1 44. Nxe5 Kf8 45. c5 Ke7 46. Kc2
Ra1 47. Kd3 Ke6 48. Kd4 Rd1+ 49. Nd3 g5 50. e5 Kd7 51. Kc4 Rf1 52. Nb4 Rxf3 53.
c6+ Kc7 54. Kc5 Rc3+ 0-1

[Event "17. European Team Championship 2009"]
[Site "Novi Sad SRB"]
[Date "2009.10.30"]
[Round "9.123"]
[White "Iotov, Valentin"]
[Black "Bogut, Zeljko"]
[Result "0-1"]
[WhiteElo "2578"]
[BlackElo "2442"]
[PlyCount "128"]
[EventDate "2009.10.22"]
[EventType "team"]
[EventRounds "9"]
[EventCountry "SER"]
[Source "lmi"]
[SourceDate "2009.10.22"]

1. d4 Nf6 2. c4 c5 3. d5 d6 4. Nc3 g6 5. e4 Bg7 6. Bd3 O-O 7. h3 e6 8. Bg5 exd5
9. cxd5 Re8 10. Nf3 c4 11. Bc2 b5 12. a3 Qb6 13. Be3 Qd8 14. O-O Bb7 15. Re1 a6
16. Qd2 Nbd7 17. Rad1 Rc8 18. Bd4 Nc5 19. Qf4 Nh5 20. Qd2 Bxd4 21. Nxd4 Qh4 22.
Re3 Rc7 23. Rf3 Nd7 24. g4 Ng7 25. Rg3 Ne5 26. Kg2 g5 27. Nf5 Nxf5 28. gxf5 f6
29. f4 Nf7 30. Rg4 Qh5 31. Qd4 Nh6 32. Rg3 Kf7 33. fxg5 fxg5 34. Qf2 Kf6 35.
Re1 Re5 36. Bd1 Qh4 37. Bg4 Rce7 38. Ree3 Nf7 39. Qf3 Bc8 40. Qe2 Nd8 41. Nb1
h5 42. Nd2 hxg4 43. hxg4 Qh8 44. Rh3 Rh7 45. Rxh7 Qxh7 46. Rh3 Qg7 47. Nf3 Nf7
48. Nxe5 Nxe5 49. Kg3 Ke7 50. Qd2 Nf7 51. Kf3 Qe5 52. Rh7 Kf8 53. Rxf7+ Kxf7
54. Qxg5 Bd7 55. Qg6+ Ke7 56. g5 Qxb2 57. Qh7+ Kd8 58. g6 Qxa3+ 59. Kg4 Qe3 60.
Qh4+ Kc7 61. Kh5 c3 62. Qh2 Qxe4 63. g7 Qxf5+ 64. Kh6 Qxd5 0-1

[Event "17. European Team Championship 2009"]
[Site "Novi Sad SRB"]
[Date "2009.10.30"]
[Round "9.124"]
[White "Galic, Ivan"]
[Black "Bojkov, Dejan"]
[Result "0-1"]
[WhiteElo "2378"]
[BlackElo "2528"]
[PlyCount "69"]
[EventDate "2009.10.22"]
[EventType "team"]
[EventRounds "9"]
[EventCountry "SER"]
[Source "lmi"]
[SourceDate "2009.10.22"]

1. e4 e5 2. Nf3 Nc6 3. Bb5 a6 4. Bxc6 dxc6 5. O-O f6 6. d4 exd4 7. Nxd4 c5 8.
Nb3 Qxd1 9. Rxd1 Bg4 10. f3 Be6 11. Bf4 c4 12. Nd4 O-O-O 13. Nc3 Bf7 14. Nf5
Rxd1+ 15. Rxd1 Ne7 16. Nd4 Ng6 17. Be3 Rg8 18. Nce2 Ne5 19. Kf2 g6 20. Nf4 Be7
21. Nde2 Re8 22. g4 b5 23. Nd5 Bd8 24. Bf4 f5 25. g5 fxe4 26. fxe4 c6 27. Ne3
Bc7 28. Kg3 Be6 29. Nd4 Bd7 30. h4 a5 31. Rb1 Bb6 32. Nf3 Nf7 33. Nd2 a4 34.
Nd1 Ba5 35. a3 0-1

[Event "17. European Team Championship 2009"]
[Site "Novi Sad SRB"]
[Date "2009.10.30"]
[Round "9.141"]
[White "Nyback, Tomi"]
[Black "Sulskis, Sarunas"]
[Result "1-0"]
[WhiteElo "2615"]
[BlackElo "2568"]
[PlyCount "95"]
[EventDate "2009.10.22"]
[EventType "team"]
[EventRounds "9"]
[EventCountry "SER"]
[Source "lmi"]
[SourceDate "2009.10.22"]

1. d4 d5 2. c4 c6 3. Nf3 Nf6 4. e3 Bf5 5. Nc3 e6 6. Nh4 Bg6 7. Nxg6 hxg6 8. g3
Nbd7 9. Bg2 dxc4 10. Qe2 Nb6 11. O-O Bb4 12. Rd1 Qe7 13. e4 e5 14. Be3 exd4 15.
Bxd4 O-O-O 16. e5 Nfd7 17. Ne4 Nxe5 18. a3 Rxd4 19. Rxd4 Bc5 20. Nxc5 Qxc5 21.
Qe3 Nbd7 22. Rad1 Qb6 23. R1d2 f6 24. h4 Nc5 25. f4 Nb3 26. fxe5 Nxd2 27. exf6
gxf6 28. Qe6+ Kb8 29. Qxf6 Re8 30. Kh2 Nb3 31. Rxc4 a5 32. Qxg6 Re1 33. Re4 Rd1
34. Kh3 Ka7 35. Qg5 Nc5 36. Re5 Nb3 37. h5 Rd3 38. h6 Qd4 39. h7 Qd7+ 40. Qf5
Qg7 41. Qxd3 Qxe5 42. Qe4 Qg7 43. Qh4 Qh8 44. Qe7 Nd4 45. Be4 Kb6 46. Bg6 a4
47. Qe8 Qf6 48. h8=Q 1-0

[Event "17. European Team Championship 2009"]
[Site "Novi Sad SRB"]
[Date "2009.10.30"]
[Round "9.142"]
[White "Malisauskas, Vidmantas"]
[Black "Karttunen, Mika"]
[Result "1-0"]
[WhiteElo "2483"]
[BlackElo "2426"]
[PlyCount "69"]
[EventDate "2009.10.22"]
[EventType "team"]
[EventRounds "9"]
[EventCountry "SER"]
[Source "lmi"]
[SourceDate "2009.10.22"]

1. e4 d5 2. exd5 Nf6 3. c4 c6 4. Nc3 cxd5 5. d4 e6 6. Nf3 Bb4 7. Bg5 Qa5 8.
Bxf6 Bxc3+ 9. bxc3 Qxc3+ 10. Nd2 gxf6 11. cxd5 Qxd4 12. Bb5+ Bd7 13. Bxd7+ Nxd7
14. dxe6 Qe5+ 15. Kf1 Qxe6 16. Rc1 O-O 17. h4 Rac8 18. Rh3 Ne5 19. Kg1 Qd5 20.
Qe1 Rxc1 21. Qxc1 Rd8 22. Rg3+ Kh8 23. Nf1 Qe6 24. h5 Rc8 25. Qd2 b6 26. f3 Qf5
27. Qh6 Rg8 28. Ne3 Qe6 29. Rxg8+ Kxg8 30. Qf4 Nd7 31. h6 Qe5 32. Qg4+ Qg5 33.
Qd4 Qe5 34. Qd3 Qc5 35. g4 1-0

[Event "17. European Team Championship 2009"]
[Site "Novi Sad SRB"]
[Date "2009.10.30"]
[Round "9.143"]
[White "Agopov, Mikael"]
[Black "Cmilyte, Viktorija"]
[Result "1-0"]
[WhiteElo "2452"]
[BlackElo "2477"]
[PlyCount "171"]
[EventDate "2009.10.22"]
[EventType "team"]
[EventRounds "9"]
[EventCountry "SER"]
[Source "lmi"]
[SourceDate "2009.10.22"]

1. e4 c5 2. Nf3 Nc6 3. d4 cxd4 4. Nxd4 Nf6 5. Nc3 e5 6. Ndb5 d6 7. Bg5 a6 8.
Na3 b5 9. Nd5 Be7 10. Bxf6 Bxf6 11. c3 Bg5 12. Nc2 Rb8 13. Be2 O-O 14. Qd3 a5
15. Rd1 Be6 16. O-O Kh8 17. Nce3 g6 18. Bg4 Qd7 19. Qe2 f5 20. Bh3 f4 21. Bxe6
Qxe6 22. Nc2 f3 23. gxf3 Rf4 24. Nxf4 Bxf4 25. Kg2 g5 26. Qd3 Rd8 27. Qd5 Qh6
28. h3 Ne7 29. Qf7 g4 30. fxg4 Bg5 31. f4 exf4 32. Nd4 Rf8 33. Qh5 Qf6 34. Nf3
Rg8 35. Rf2 b4 36. c4 Nc6 37. Rfd2 Ne5 38. Rxd6 Qe7 39. R1d5 Nxc4 40. Rd7 Qxe4
41. Rxh7+ Qxh7 42. Qxh7+ Kxh7 43. Nxg5+ Kh6 44. Nf7+ Kg7 45. Rd7 Kf6 46. b3
Ne3+ 47. Kf3 Ke6 48. Ra7 Nd5 49. h4 Rf8 50. Ng5+ Ke5 51. Rxa5 Rc8 52. Ne4 Kd4
53. g5 Rc1 54. Nf6 Rc3+ 55. Kg4 Rg3+ 56. Kf5 Nxf6 57. Kxf6 f3 58. Rf5 Ke4 59.
h5 Rg4 60. h6 Rf4 61. Rxf4+ Kxf4 62. h7 f2 63. h8=Q f1=Q 64. Qh4+ Ke3+ 65. Kg7
Qa1+ 66. Kh7 Qxa2 67. g6 Qc2 68. Qe7+ Kf3 69. Qf8+ Ke2 70. Qe7+ Kd1 71. Qxb4
Qf5 72. Qd6+ Kc2 73. b4 Kb3 74. Kg8 Ka4 75. g7 Qc8+ 76. Kf7 Qf5+ 77. Ke7 Qe4+
78. Qe6 Qxb4+ 79. Kf7 Qf4+ 80. Kg6 Qg3+ 81. Kf7 Qf4+ 82. Qf6 Qc7+ 83. Kg6 Qg3+
84. Kh5 Qb8 85. Qd4+ Ka3 86. Qc3+ 1-0

[Event "17. European Team Championship 2009"]
[Site "Novi Sad SRB"]
[Date "2009.10.30"]
[Round "9.144"]
[White "Sarakauskas, Gediminas"]
[Black "Luukkonen, Tommi"]
[Result "1/2-1/2"]
[WhiteElo "2424"]
[BlackElo "2317"]
[PlyCount "58"]
[EventDate "2009.10.22"]
[EventType "team"]
[EventRounds "9"]
[EventCountry "SER"]
[Source "lmi"]
[SourceDate "2009.10.22"]

1. e4 c5 2. Nf3 d6 3. Bc4 Nf6 4. d3 Nc6 5. Bb3 g6 6. c3 Bg7 7. O-O O-O 8. Re1
b5 9. h3 a5 10. d4 a4 11. Bc2 cxd4 12. Nxd4 Qb6 13. Be3 Qb7 14. Bg5 h6 15. Bh4
e5 16. Nf3 Nh5 17. Nfd2 Nf4 18. Nf1 f5 19. f3 g5 20. Bf2 g4 21. hxg4 fxg4 22.
fxg4 Qf7 23. Bg3 h5 24. gxh5 Nxh5 25. Bh4 Nf4 26. Ne3 Qg6 27. Nd2 Bh3 28. g3
Bh6 29. Nf5 Rf6 1/2-1/2

[Event "17. European Team Championship 2009"]
[Site "Novi Sad SRB"]
[Date "2009.10.30"]
[Round "9.151"]
[White "Ragger, Markus"]
[Black "Blagojevic, Dragisa"]
[Result "1/2-1/2"]
[WhiteElo "2561"]
[BlackElo "2546"]
[PlyCount "109"]
[EventDate "2009.10.22"]
[EventType "team"]
[EventRounds "9"]
[EventCountry "SER"]
[Source "lmi"]
[SourceDate "2009.10.22"]

1. Nf3 d5 2. d4 Nf6 3. c4 e6 4. g3 dxc4 5. Bg2 Bb4+ 6. Bd2 a5 7. O-O O-O 8. Bg5
Nc6 9. e3 h6 10. Bxf6 Qxf6 11. a3 Bd6 12. Nc3 e5 13. d5 Na7 14. Nd2 b5 15. a4
Bd7 16. Qc2 Bb4 17. Rfc1 c6 18. Nde4 Qg6 19. dxc6 Bxc6 20. axb5 Nxb5 21. Nxb5
Bxb5 22. Nc3 Qxc2 23. Rxc2 Rab8 24. Nxb5 Rxb5 25. Bf1 Rc5 26. Bxc4 Rd8 27. Rac1
Kf8 28. Bb3 Rxc2 29. Rxc2 Ke7 30. Rc7+ Rd7 31. Rxd7+ Kxd7 32. Bxf7 a4 33. Bg6
a3 34. bxa3 Bxa3 35. f4 Ke6 36. h4 Kf6 37. h5 Bb4 38. Kf2 Ba5 39. Kf3 Be1 40.
Bc2 Ke6 41. Bb3+ Kf6 42. Bc4 Kf5 43. Bd5 Kf6 44. Bb7 Ke6 45. Bc8+ Kf6 46. Bh3
Ba5 47. Ke4 Bc7 48. Kd5 Bb8 49. Ke4 Bc7 50. Bf1 Bd6 51. Bd3 Bc7 52. Kd5 Bb8 53.
Bg6 Bc7 54. Kc6 Bb8 55. Kd5 1/2-1/2

[Event "17. European Team Championship 2009"]
[Site "Novi Sad SRB"]
[Date "2009.10.30"]
[Round "9.152"]
[White "Djukic, Nikola"]
[Black "Shengelia, David"]
[Result "0-1"]
[WhiteElo "2503"]
[BlackElo "2560"]
[PlyCount "142"]
[EventDate "2009.10.22"]
[EventType "team"]
[EventRounds "9"]
[EventCountry "SER"]
[Source "lmi"]
[SourceDate "2009.10.22"]

1. Nf3 c5 2. g3 Nc6 3. Bg2 e5 4. O-O d5 5. c4 d4 6. e3 e4 7. Ne1 f5 8. d3 Nf6
9. exd4 Nxd4 10. Nc3 Be6 11. b3 Qe7 12. Bg5 O-O-O 13. b4 h6 14. Be3 cxb4 15.
Nd5 Bxd5 16. cxd5 Nb5 17. dxe4 fxe4 18. a3 Nxd5 19. axb4 Nxe3 20. Qc1+ Kb8 21.
Qxe3 Qxb4 22. Nc2 Qc4 23. Rfc1 Bc5 24. Qf4+ Bd6 25. Qe3 Qd3 26. Qe1 Nd4 27. Qa5
Nc6 28. Qa4 Bc5 29. Bxe4 Qe2 30. Rab1 Qxf2+ 31. Kh1 Bb6 32. Rf1 Qc5 33. Bxc6
Qxc6+ 34. Qxc6 bxc6 35. Nb4 Kc7 36. Rbc1 c5 37. Rf7+ Rd7 38. Na6+ Kc6 39. Nb4+
Kc7 40. Na6+ Kc8 41. Rf5 Rhd8 42. Nxc5 Rd1+ 43. Rxd1 Rxd1+ 44. Kg2 Rd2+ 45. Kf3
Bxc5 46. Rxc5+ Kb7 47. Re5 Kc6 48. Kg4 Rd4+ 49. Kf3 g5 50. Re6+ Rd6 51. Re5 Kb6
52. Kg4 a5 53. Re4 Kb5 54. Re5+ Kb4 55. Re4+ Kb3 56. Re3+ Kc4 57. Kh5 a4 58.
Re4+ Kb3 59. Re3+ Kb2 60. Re2+ Kb1 61. Re3 Ra6 62. h4 gxh4 63. gxh4 Kb2 64.
Re2+ Kb3 65. Re3+ Kc4 66. Re4+ Kd3 67. Rg4 a3 68. Rg3+ Ke4 69. Rg4+ Kd5 70. Rg1
a2 71. Ra1 Kd4 0-1

[Event "17. European Team Championship 2009"]
[Site "Novi Sad SRB"]
[Date "2009.10.30"]
[Round "9.153"]
[White "Kindermann, Stefan"]
[Black "Kosic, Dragan"]
[Result "1-0"]
[WhiteElo "2529"]
[BlackElo "2495"]
[PlyCount "28"]
[EventDate "2009.10.22"]
[EventType "team"]
[EventRounds "9"]
[EventCountry "SER"]
[Source "lmi"]
[SourceDate "2009.10.22"]

1. e4 e6 2. d4 d5 3. Nc3 Nf6 4. Bg5 dxe4 5. Nxe4 Nbd7 6. Nf3 h6 7. Nxf6+ Nxf6
8. Be3 a6 9. Bd3 b6 10. Qe2 Bb7 11. O-O-O Bd6 12. Ne5 Qe7 13. h4 c6 14. Nc4 Bc7
1-0

[Event "17. European Team Championship 2009"]
[Site "Novi Sad SRB"]
[Date "2009.10.30"]
[Round "9.154"]
[White "Kalezic, Blazo"]
[Black "Neubauer, Martin"]
[Result "1/2-1/2"]
[WhiteElo "2459"]
[BlackElo "2448"]
[PlyCount "84"]
[EventDate "2009.10.22"]
[EventType "team"]
[EventRounds "9"]
[EventCountry "SER"]
[Source "lmi"]
[SourceDate "2009.10.22"]

1. e4 e5 2. Nf3 Nc6 3. Bb5 Nf6 4. O-O Nxe4 5. Re1 Nd6 6. Nxe5 Be7 7. Bf1 Nxe5
8. Rxe5 O-O 9. d4 Bf6 10. Re1 Re8 11. c3 Rxe1 12. Qxe1 Qe8 13. Qd1 b6 14. Bf4
Qe7 15. Na3 Bb7 16. Nc2 Re8 17. Qd3 Bg5 18. Re1 Be4 19. Qd2 Bxf4 20. Qxf4 Qd8
21. Ne3 Re6 22. a3 h6 23. Ng4 Qg5 24. Qxg5 hxg5 25. f3 Bd5 26. Rxe6 Bxe6 27.
Ne3 Nf5 28. Kf2 Nxe3 29. Kxe3 d6 30. f4 f6 31. fxg5 fxg5 32. Ke4 Kf7 33. d5 Bd7
34. Be2 Kf6 35. g4 Ba4 36. Kd4 Bd7 37. b3 Be8 38. a4 Bd7 39. Bd1 Bc8 40. Be2
Bd7 41. Bd1 Bc8 42. Be2 Bd7 1/2-1/2

[Event "17. European Team Championship 2009"]
[Site "Novi Sad SRB"]
[Date "2009.10.30"]
[Round "9.161"]
[White "Jones, Richard S"]
[Black "Hautot, Stephane"]
[Result "0-1"]
[WhiteElo "2321"]
[BlackElo "2420"]
[PlyCount "54"]
[EventDate "2009.10.22"]
[EventType "team"]
[EventRounds "9"]
[EventCountry "SER"]
[Source "lmi"]
[SourceDate "2009.10.22"]

1. e4 c5 2. Nf3 d6 3. d4 cxd4 4. Nxd4 Nf6 5. Nc3 a6 6. Bc4 e6 7. Bb3 Nbd7 8.
Bg5 Nc5 9. f4 b5 10. e5 dxe5 11. fxe5 h6 12. Be3 Nfd7 13. Nxe6 Nxe6 14. Bxe6
fxe6 15. Qh5+ Ke7 16. O-O Qc7 17. Rad1 Kd8 18. Ne4 Bb7 19. Rf7 Bd5 20. Rxd5
exd5 21. e6 Be7 22. Qxd5 Rc8 23. Nc5 Qc6 24. Qd4 Bxc5 25. Rxd7+ Ke8 26. Qe5
Bxe3+ 27. Qxe3 Qxc2 0-1